| 000 | 01022 a2200205 4500 | ||
|---|---|---|---|
| 003 | Nust | ||
| 005 | 20221206123657.0 | ||
| 010 | _a 79018223 | ||
| 020 | _a0830697497 : | ||
| 020 | _a0830697499 (pbk.) : | ||
| 040 | _cNust | ||
| 082 | 0 | 0 | _a621.381548,TES |
| 245 | 0 | 0 |
_a99 test equipment projects you can build / _cby the editors of 73 magazine. |
| 250 | _a1st ed. | ||
| 260 |
_aBlue Ridge Summit, Pa. : _bTab Books, _cc1979. |
||
| 300 |
_a378 p. : _bill. ; _c22 cm. |
||
| 505 | _aHow to Build and use Test Gear (Page-9), Cheap-N- Handy-Dandy Testers (Page-33), Voltmeters and Ammeters (Page-53), Capacitance Meters (Page-69), Resistance and Impedance Measures (Page-103), Testers for Solid State Components (Page-117), Digital Voltmeters (Page-151), Calibrators and Frequency Standards (Page-177), Signal Generators (Page-203), Frequency Counters (Page-253), Oscilloscopes (Page-319), RF Test Equipment (Page-335), Bench and Lab Supplies (Page-355). | ||
| 650 | 0 | _aTelecommunication Engineering. | |
| 942 |
_2ddc _cBK |
||
| 999 |
_c182476 _d182476 |
||